000
00252nam a2200109Ia 4500
008
220204s9999 xx 000 0 und d
082
_a
82-3
_b
KAS
100
_a
Kastle, Herbert
245
0
_a
Millionaires
260
_a
London
_b
Granada
_c
1976
942
_c
BK
999
_c
29352
_d
29352